000 00700nam a2200229 a 4500
001 13525
003 BD-JhCC
005 20240116122953.0
008 240116b2018 bg a|||| ||a| 000 0 ben d
020 _a9789844290587
035 _a(BD-JhCC)13525
040 _aBD-JhCC
_dBD-JhCC
041 _aBengali
082 _a891.4435
_bCHA 2018
100 _aচক্রবর্তী,সুনির্মল
245 _aজাপানের রূপকথা /
_cসুনির্মল চক্রবর্তী।
260 _aঢাকা:
_bবাংলা প্রকাশ;
_c2018.
300 _a176 p. :
_b22 cm.
651 _aBengali short story.
942 _2ddc
_cBK
999 _c13525
_d13525